LEADER 01713nam0 22003613i 450 001 VAN0241817 005 20220729012543.555 017 70$2N$a9783319211947 100 $a20220302d2015 |0itac50 ba 101 $aeng 102 $aCH 105 $a|||| ||||| 200 1 $aNanopackaging: From Nanomaterials to the Atomic Scale$eProceedings of the 1st International Workshop on Nanopackaging, Grenoble 27-28 June 2013$feditors Xavier Baillin, Christian Joachim, Gilles Poupon 210 $aCham$cSpringer$d2015 215 $aVIII, 189 p.$cill.$d24 cm 410 1$1001VAN0123942$12001 $aAdvances in Atom and Single Molecule Machines$1210 $aCham$cSpringer$d2012- 620 $aCH$dCham$3VANL001889 676 $a540$cChimica generale$v22 676 $a571.4$cBiofisica$v22 676 $a620.5$cNanotecnologia$v22 676 $a610.153$cFisica medica$v22 702 1$aBaillin$bXavier$3VANV197885 702 1$aJoachim$bChristian$3VANV095407 702 1$aPoupon$bGilles$3VANV197886 712 $aSpringer $3VANV108073$4650 801 $aIT$bSOL$c20240614$gRICA 856 4 $uhttps://rd.springer.com/book/10.1007/978-3-319-21194-7$zE-book - Accesso al full-text attraverso riconoscimento IP di Ateneo, proxy e/o Shibboleth 899 $aBIBLIOTECA DEL DIPARTIMENTO DI SCIENZE E TECNOLOGIE AMBIENTALI BIOLOGICHE E FARMACEUTICHE$1IT-CE0101$2VAN17 912 $fN 912 $aVAN0241817 950 $aBIBLIOTECA DEL DIPARTIMENTO DI SCIENZE E TECNOLOGIE AMBIENTALI BIOLOGICHE E FARMACEUTICHE$d17CONS e-book 2219 $e17BIB2219/53 53 20220302 996 $aNanopackaging: From Nanomaterials to the Atomic Scale$92276639 997 $aUNICAMPANIA